Quizzes
Events
Quiz Creation
Community
Videos
Private Events
Remove Ads
Sign In
Join for FREE
Feedback
Dark Mode
Quiz Categories
Sports
Geography
Music
Movies
Television
Just For Fun
Miscellaneous
History
Literature
Language
Science
Gaming
Entertainment
Religion
Holiday
For Kids
Quiz Lab
Recent
Popular Today
Quiz Kudos Today
Editor Picks
Curator Picks
Quizzes by...
Day
Popularity
Type
Ratings
Length
Year
Community
Subscriptions
Recent Discussions
Orange Saloon
Badges
Playlists
Quests
Create
Leaderboards
Showdown
Live 5
Trivia Bingo
Activity
Puzzle Library
Sporcle Events
Private Events
Virtual Trivia
Globe League
Become a Host
Pub Owners
SporcleCon
Opinionation
Our Games
Videos
Blog
Mobile Apps
Partnerships
Remove Ads and Go Orange
Feedback
Religion
Mythology
Religious Music
World Religions
Bible
Christianity
Catholicism
Judaism
Church
Scripture
Islam
Verse
Religion
Mythology
Religious Music
World Religions
Bible
Christianity
Catholicism
Judaism
Church
Scripture
Islam
Verse
Random Quiz
Search Sporcle
×
Curator Pick
Curator Pick
Religion
Verse
Select answers by clicking on text or image buttons
Select answers by clicking on text or image buttons
Clickable
Best Score? Go Orange.
Clickable Ancestors of Jesus Stats
Can you pick the ancestors of Jesus (starting with Abraham) in the order given in the Gospel of Matthew?
By
El_Dandy
10m
41 Questions
623 Plays
623 Plays
623 Plays
Comments
Comments
Give Quiz Kudos
Give Quiz Kudos
-
- Ratings
hide this ad
More Info
Forced Order
Answers have to be entered in order
Answers have to be entered in order
Replay
Link that replays current quiz
Next Quiz
Link to next quiz in quiz playlist
You Got
0%
They Got
Avg Score
53%
Avg Friend Score
Upgrade to see
Score Distribution
Jump to the score distribution portion of the page
Score
0/41
Timer
10:00
0
Plays Today
% Correct
Abraham
96.1%
Isaac
93.1%
Jacob (I)
89.1%
Perez
85.7%
Nahshon
78.7%
Boaz and Ruth
76.7%
Obed
75.9%
David and Bathsheba
75%
Ram
71.6%
Hezron
70.1%
Rehoboam
69.8%
Judah and Tamar
67.7%
Uzziah
67.6%
Solomon and Naamah
64.8%
Salmon and Rahab
64.2%
Hezekiah
58.4%
Jesse
58.1%
Amminadab
53.1%
Manasseh
51%
Abijam
50.2%
Jehosaphat
49.8%
% Correct
Shealtiel
49.1%
Jesus
48.5%
Matthan
48.3%
Zadok
48.2%
Jehoram
46.5%
Asa
42.9%
Eleazar
40.1%
Zerubbabel
39.6%
Jotham
34.7%
Joseph and Mary
34.5%
Josiah
31.3%
Jeconiah
30.8%
Ahaz
30.7%
Eliakim
29.1%
Eliud
28.6%
Jacob (II)
27.8%
Achim
27.6%
Abiud
26.5%
Amon
26.2%
Azor
18.5%
Quiz Playlist
Details
Report
Send in Message
Add To Playlist
More Info:
To make this quiz easier, the first letter for each entry is given as a hint.
Clickable:
Select answers by clicking on text or image buttons
Forced Order:
Answers have to be entered in order
Quiz Source
Last Updated: Feb 16, 2017
Curator Pick in
Christianity
Quiz Scoreboard
CHALLENGE
Sign Up to Join the Scoreboard
Show All
Scores
Hide
Comments
May contain spoilers
Recently Published
Billboard Blitz: Fleetwood Mac
by CooCooCachoo
Music
15s
Presidents Visiting Landmarks
by Hejman
History
7m
An Introduction to Baseball
by treessimontrees
Sports
5m
More to Explore
Quiz From the Vault
Featured Blog Post
Where Did the Easter Bunny Come From?
hide this ad
You Might Also Like...
Tags
Bible Quiz
Catholicism Quiz
Christianity Quiz
Clickable Quiz
Scripture Quiz
Verse Quiz
gospel
Matthew
Today's Top Quizzes in Religion
Browse Religion
hide this ad
Today's Top Quizzes in Verse
Browse Verse
Top Contributed Quizzes in Religion
1
5-to-1: Children of Gods
2
5-to-1: European Churches
3
One Thing in Common: Mythology
4
10 to 1: Islam
5
One Thing in Common: Mythology II
6
Order Up: Seven Last Words of Christ
7
Prime Time: Religion
8
One Thing in Common: Religion
9
Religion Who Wants To Be A Millionaire
10
10 to 1: Protestantism
Explore More
Trending Topics
Anime
Harry Potter
Kpop
NBA
Disney
Crossword
Marvel
Pokémon
WWE
Puzzle
NFL
Country
Song
The Office
Soccer
hide this ad
More By:
El_Dandy
Quiz
Plays
Rating
Category
Featured
Created
MCU Movie Images (Minefield)
446,940
4.62
Movies
Jul 8, 2019
Click the US Presidents by Picture (Minefield)
316,766
4.67
History
Jun 1, 2020
Pixar Movie Images (Minefield)
275,369
4.68
Movies
Nov 1, 2019
Disney Animated Movie Images (Minefield)
274,671
4.53
Movies
May 8, 2020
Last Six Unique European Football Champions
268,069
4.71
Sports
Oct 17, 2017
Go to Creator's Profile
Score Distribution
Quiz Creator Spotlight
El_Dandy
Follow
Send a Message
Quizzes Created
-
Created Quiz Play Count
-
More By This Creator
Popular Quizzes Today
1
Find the US States - No Outlines Minefield
2
Find the Countries of Europe - No Outlines Minefield
3
The Countries of the World
4
Find the US States
5
US States
6
Popular People in 1961
7
Risky Map Clicking: Biggest States A-Z
8
Movies - When Are They Set?
More Religion Quizzes
The Bible Without Haggai
Editor's Pick
Trending Quizzes
Risky Map Clicking: Least Populous States A-Z
1-10 Letter G Words
1-10 Letter F Words
Risky Map Clicking: Next State Alphabetically
Risky Map Clicking: Biggest States A-Z
Recently Updated
Leaping Animals
pecheneg
Reality TV Shows (A-Z)
bhenderson79
Rickey Henderson's Hall of Fame Teammates
pecheneg
Champions League XIs: Arsenal
pecheneg
Quick Pick: Celebrities in WWE's Hall of Fame
aduchscher
A-Z Keypad Blitz II
pecheneg
Multiple Oscar Actors
pecheneg
Mystery Phrase Blitz: Oscar 'Best Actors'
pecheneg
F. Scott Fitzgerald Novels
LTH
Pick 3 Villains
ddd62291
Trending Topics
Marvel
Crossword
Harry Potter
Kpop
Disney
Anime
NBA
Song
The Office
Soccer
Country
Pokémon
NFL
Puzzle
WWE
Your Account Isn't Verified!
In order to create a playlist on Sporcle, you need to verify the email address you used during registration. Go to your
Sporcle Settings
to finish the process.
Report this User
Report this user for behavior that violates our
Community Guidelines
.
Details:
Send Report
Go to the Sporcle.com Mobile Site →
Comments